000 00947nam a22002537a 4500
005 20170124103010.0
010 _aA-765946
020 _c65.00
_a8185045399
035 _aA-765946
037 _bCen Lib/Ret
040 _aDPL
_bHN
082 _a
_bखड़से
100 _aखड़से, दामोदर
_9210
245 _aजन्मान्तर-गाथा /
_cदामोदर खड़से
246 _aJanmaantar-gathaa /
_bby Damodar Khadse
260 _aदिल्ली
_bदिशा प्रकाशन
_c1996
270 _a138/16, त्रिनगर
_bदिल्ली
_e110030
300 _a129पृ.
_c17सेमी (सजिल्द)
650 _aहिन्दी -- साहित्य
_957205
650 _aहिन्दी -- कहानी
_9779
650 _aHindi -- Literature
_957206
650 _aHindi -- Story
_943117
942 _2ddc
_cHN
_h
_mखड़से
999 _c114533
_d114533